| 000 | 00721nam a2200229Ia 4500 | ||
|---|---|---|---|
| 003 | GCL | ||
| 005 | 20240530095404.0 | ||
| 008 | 140319s9999 xx 000 0 ara d | ||
| 040 |
_aGCL / _cGCL |
||
| 082 | 0 | 4 |
_a050 _bد/د هـ |
| 245 | 1 | 0 | _aالهلال ديسمبر 1999 : ايران ثورة جديدة |
| 260 |
_aالقاهرة : _bدار الهلال للطباعة والنشر ، _c1999 |
||
| 650 | 0 | 4 | _aالاسلام |
| 650 | 0 | 4 | _aالقصة القصيرة |
| 650 | 0 | 4 | _aقاسم امين |
| 650 | 0 | 4 | _aافريقيا |
| 650 | 0 | 4 | _aتحرير المراة |
| 650 | 0 | 4 | _aالاستشراق |
| 650 | 0 | 4 | _aالبحث العلمى |
| 650 | 0 | 4 | _aالمرأة - احوال اجتماعية |
| 942 |
_2ddc _cCR |
||
| 999 |
_c6743 _d6743 |
||